000 00379cam a2200157ua 4500
003 OSt
008 241223b |||||||| |||| 00| 0 eng d
041 _aeng
082 _a621.3123
_bDOV/EL
100 _aDover, A T .
_96531
245 _aElectric traction /
250 _a4 /
260 _aLondon :
_bSir Isaac Pitman & Sons Ltd ,
_c1963.
300 _a467 ; .
942 _cBK
999 _c10132
_d10132